000 00784nam a2200217Ii 4500
003 JO-AjNU
008 230605s9999||||xx |||||||||||||| ||und||
017 _a2004/7/1579
040 _aJO-AjNU
_bara
_erda
_cJO-AjNU
041 _aara
050 1 4 _aB741.H85.2004
100 3 _aالهميم،عبد اللطيف ,
_eauthor
_910848
245 0 0 _aدور العقل في الخطاب الديني :قراءة في نقد الذات
250 _aط1
264 3 1 _aعمان:دار عمار للنشر والتوزيع ،2004
300 _a96ص
336 _atext
_btxt
_2rdacontent
337 _aunmediated
_bn
_2rdamedia
338 _avolume
_bnc
_2rdacarrier
650 4 _aالفكر الاسلامي-الفكر-العقل-المذهب العقلي-مدارس علم النفس
_910849
999 _aA2018
_c5586
_d5586